| 000 | 00777nam a2200241 a 4500 | ||
|---|---|---|---|
| 001 | 000017604 | ||
| 005 | 20200929165151.0 | ||
| 008 | 100329s1984 dr 000 0 spa d | ||
| 040 |
_aDO-SdBNP _bspa _cBNPHU |
||
| 082 |
_a651.75 _bC965c, 1992 |
||
| 100 | 1 |
_aCuello, Antonio _920610 |
|
| 245 | 1 | 0 |
_aCurso completo de correspondencia y redacción / _cAntonio Cuello. |
| 250 | _a14a ed. | ||
| 260 |
_aSanto Domingo : _bTaller, _c1984. |
||
| 300 |
_a177 p. ; _c21 cm. |
||
| 500 | _aIncluye notas al pie de páginas | ||
| 650 | 4 |
_aCorrespondencia técnica _938396 |
|
| 650 | 4 |
_aCorrespondencia comercial _938389 |
|
| 650 | 4 |
_aEspañol _xEstilo _xRetórica _919120 |
|
| 650 | 4 |
_aRedacción de escritos técnicos _91600 |
|
| 650 | 4 |
_aDocumentos comerciales _938390 |
|
| 049 | _aBNPD | ||
| 999 |
_c17129 _d17129 |
||